[Event "CAN-ch U10"]
[Site "Windsor"]
[Date "2016.07.08"]
[Round "6.93"]
[White "Wu, Lucian"]
[Black "Zhao, Tianjiu"]
[Result "1-0"]
[WhiteElo "1320"]
[BlackElo "1016"]
[PlyCount "133"]
[EventDate "2016.07.05"]
[EventType "swiss"]
[EventRounds "7"]
[EventCountry "CAN"]
[SourceTitle "EXT 2022"]
[Source "ChessBase"]
[SourceDate "2021.10.06"]
[SourceVersion "1"]
[SourceVersionDate "2021.10.06"]
[SourceQuality "1"]

1. d4 d5 2. c4 e6 3. Nc3 Nf6 4. Nf3 Nc6 5. Bf4 Bd6 6. Ne5 Nxe5 7. dxe5 Nh5 8. exd6 Nxf4 9. dxc7 Qxc7 10. e3 Ng6 11. cxd5 exd5 12. Nxd5 Qd7 13. Bc4 0-0 14. 0-0 Ne5 15. Bb3 Rd8 16. Nc3 Qxd1 17. Rfxd1 Rxd1+ 18. Rxd1 Bg4 19. Rd5 Nc6 20. Rd2 Rd8 21. Rxd8+ Nxd8 22. h3 Be6 23. Bc2 Nc6 24. a3 Kh8 25. Be4 g6 26. Nb5 a6 27. Nd6 Na5 28. b4 Nc4 29. Nxc4 Bxc4 30. Bxb7 Bb5 31. Kh2 Kg7 32. Kg3 Kf6 33. Kf4 Ke6 34. Ke4 Kd6 35. Kd4 Kc7 36. Bd5 Be8 37. Kc5 h5 38. Bc4 Kb7 39. h4 f5 40. g3 Ka7 41. Kd6 Kb8 42. Bxa6 Ba4 43. b5 Bc2 44. b6 Be4 45. Bc4 Kb7 46. Bd5+ Bxd5 47. Kxd5 Kxb6 48. Ke5 Kc6 49. a4 Kb6 50. Kf6 Ka5 51. Kxg6 Kxa4 52. Kxf5 Kb5 53. Kg5 Kc5 54. Kxh5 Kd5 55. Kg5 Ke6 56. f4 Kf7 57. Kf5 Kf8 58. Kf6 Kg8 59. g4 Kf8 60. g5 Kg8 61. g6 Kf8 62. h5 Kg8 63. h6 Kh8 64. g7+ Kh7 65. Kf7 Kxh6 66. g8Q Kh5 67. Qg5# 1-0